Entes locales complejos : mancomunidades, agrupaciones, consorcios, comarcas, àreas metropolitanas / Ramón Martín Mateo mancomunidades, agrupaciones, consorcios, comarcas, àreas metropolitanas / Ramón Martín Mateo
ISBN:
84-86440-62-9
Descripción Física:
246 p. ; 21 cm
MARC
| LEADER | 00000nam a2200000Ia 4500 | ||
|---|---|---|---|
| 001 | 14088 | ||
| 008 | 160829s1987 xx 000 0 cat d | ||
| 020 | |a 84-86440-62-9 | ||
| 080 | |a M-4-114 | ||
| 100 | |a Martín Mateo, Ramón |9 25044 | ||
| 245 | |a Entes locales complejos : |b mancomunidades, agrupaciones, consorcios, comarcas, àreas metropolitanas / Ramón Martín Mateo | ||
| 260 | |a Madrid : |b Trivium, |c 1987 | ||
| 300 | |a 246 p. ; |c 21 cm | ||
| 590 | |a Referències bibliogràfiques | ||
| 650 | 0 | |a Administració local |z Espanya |9 37433 | |
| 650 | 0 | |a Administració local |z Catalunya |9 10655 | |
| 901 | |a Arxiu | ||
| 942 | |n 1 | ||
| 952 | |0 0 |1 0 |4 0 |6 M4114 |7 1 |9 43425 |a Arxiu |b Arxiu |d 2016-12-01 |l 0 |o M-4-114 |p 14088 |r 2016-12-01 00:00:00 |w 2016-12-01 |y ARXIU | ||
| 999 | |c 45971 |d 45971 | ||